Statistics for Tourist attractions location quiz

Click here to take the quiz!

General Stats

  • This quiz has been taken 35 times
    (34 since last reset)
  • The average score is 19 of 25

Answer Stats

QuestionAnswer% Correct
Times SquareUnited States
100%
The Great WallChina
96%
Eiffel TowerFrance
93%
Grand CanyonUnited States
93%
The Great SphinxEgypt
89%
Taj MahalIndia
89%
ColosseumItaly
89%
Machu PicchuPeru
89%
Buckingham PalaceUnited Kingdom
89%
Brandenburg GateGermany
85%
The Little MermaidDenmark
78%
ParthenonGreece
78%
Chichen ItzaMexico
78%
KilimanjaroTanzania
78%
Uluru / Ayers RockAustralia
74%
Angkor WatCambodia
70%
Petronas Twin TowersMalaysia
70%
Blue LagoonIceland
67%
Lago di ComoItaly
67%
Lake BaikalRussia
63%
CopacabanaBrazil
59%
Ferrari WorldUnited Arab Emirates
56%
Grand PalaceThailand
48%
Marina Bay SandsSingapore
41%
Guilin MountainsChina
22%

Score Distribution

Percentile by Number Answered

Percent of People with Each Score

Your Score History

You have not taken this quiz since the last reset